zpět

Detail výsledku týmu

Klub Tyjátr, Svitavy

Datum a čas kvízu

12.5 Celkem bodů Celkový počet nahraných bodů na tomto kvízu bez doplňovacích otázek.
8. Pořadí na kvízu Konečné umístění týmu na tomto kvízu.

Zaznamenané odpovědi

# Otázka Odpověď Body Výsledky
1. V pondělí přijel na státní náv... z Belgie 0
2. O které kulturní památce ležíc... o věznici Alcatraz 0
3. Minulý týden vyšlo album Ostra... Michal Prokop 0
4. Ve středu byl zveřejněn žebříč... Michal Strnad 0
5. Hokejový tým Utah, jehož brank... Mammoth (Mamut) 0
6. Podíváme se na historické udál... Pouštní bouře 1
7. Seřaďte chronologicky tyto pol... 1A 2D 3B 4C 0
8. V České republice vystoupila o... D 0
9. Jak se nazývá stát, který vsto... Chorvatsko 1
10. Uveďte název města, kde byla p... Turín; Nagano 0